Angular momentum in quantum mechanics
שמור ב:
| מחבר ראשי: | |
|---|---|
| פורמט: | ספר |
| שפה: | אנגלית |
| יצא לאור: |
Princeton
Princeton University Press
1960
|
| מהדורה: | 2a. ed |
| סדרה: | Investigations in Physics
|
| נושאים: | |
| תגים: |
הוספת תג
אין תגיות, היה/י הראשונ/ה לתייג את הרשומה!
|
MARC
| LEADER | 00000nam a2200000 a 4500 | ||
|---|---|---|---|
| 001 | UCX0408 | ||
| 003 | CL-VaPUC | ||
| 008 | 891016e19600000US |||||||||||||||||eng|d | ||
| 020 | |a 0691025894 | ||
| 082 | 0 | 4 | |a 530.15 |b EDM |2 21 |
| 100 | 0 | |a Edmonds, A. R |e author |9 315825 | |
| 245 | 1 | 0 | |a Angular momentum in quantum mechanics |
| 250 | |a 2a. ed | ||
| 300 | |a 146 p | ||
| 942 | |c BK | ||
| 945 | |d 19891016 00:00:00 | ||
| 260 | |a Princeton |b Princeton University Press |c 1960 | ||
| 650 | 0 | |a Mecánica cuántica |9 306806 | |
| 650 | 7 | |a MOMENTO ANGULAR FISICA NUCLEAR |2 CL-VaPUC |9 315826 | |
| 650 | 0 | |a Física matemática |9 260981 | |
| 583 | |a last modification |c 20120703 11:08:20 |k Rodrigo Vera | ||
| 490 | 0 | |a Investigations in Physics | |
| 999 | |c 222016 |d 222014 | ||
| 952 | |0 0 |1 0 |4 0 |6 530_150000000000000_EDM_1960 |7 0 |8 A |9 216171 |a BIBCUR |b BIBCUR |d 2019-11-15 |i 404584K |o 530.15 EDM 1960 |p 404584K |r 2025-04-22 |w 2019-11-15 |y BK |k FIS | ||